Presentación de informe de gestión universitaria a la Asamblea General Universitaria por el ingeniero Aldo Urbina Villalta Rector Universidad Nacional de Ingeniería, 2 de junio de 2004
| Main Author: | |
|---|---|
| Format: | Section = Libro |
| Language: | Undetermined Spanish |
| Published: |
Managua
UNI
2004
|
| Subjects: |
| LEADER | 00721nam a2200193Ia 4500 | ||
|---|---|---|---|
| 008 | 240829s9999 xx 000 0 und d | ||
| 040 | |a BIBLIOTECA-RUSB/ Ref 378.107 N583 | ||
| 041 | |a spa | ||
| 082 | |a Ref 378.107 N583 | ||
| 100 | 1 | |a Nicaragua. Universidad Nacional de Ingeniería | |
| 245 | 1 | 0 | |a Presentación de informe de gestión universitaria a la Asamblea General Universitaria por el ingeniero Aldo Urbina Villalta Rector Universidad Nacional de Ingeniería, 2 de junio de 2004 |
| 260 | |a Managua |b UNI |c 2004 | ||
| 300 | |a 33 p. :il. | ||
| 650 | 7 | |a UNIVERSIDADES - INFORME | |
| 650 | 7 | |b ADMINISTRACIÓN UNIVERSITARAIA - INFORMES | |
| 650 | 7 | |c EDUCACIÓN SUPERIOR | |
| 942 | |c BK |2 ddc | ||
| 991 | |a TEXTO | ||
| 999 | |c 5958 | ||